VI Censo Nacional Agropecuario: actividades pecuarias, prácticas y servicios agropecuarios
שמור ב:
| פורמט: | ספר |
|---|---|
| שפה: | Spanish |
| תגים: |
הוספת תג
אין תגיות, היה/י הראשונ/ה לתייג את הרשומה!
|
MARC
| LEADER | 00000nam a22000007a 4500 | ||
|---|---|---|---|
| 003 | cru CIDCACS/IIS | ||
| 005 | 20180315142937.0 | ||
| 007 | ta | ||
| 008 | 180315s2015 cr |||||r|||||||| ||spa|d | ||
| 999 | |c 41145 |d 41145 | ||
| 020 | |a 9789930525012 | ||
| 040 | |c cru CIDCACS/IIS | ||
| 090 | |a 07.05.01 CR837c VI-2015 Tomo III | ||
| 245 | 1 | 3 | |a VI Censo Nacional Agropecuario: |b actividades pecuarias, prácticas y servicios agropecuarios |
| 300 | |a 281 páginas: |b tablas, mapa | ||
| 942 | |2 ddc |c LI | ||
| 773 | 0 | |0 41142 |9 1886 |a Costa Rica. |d San José, Costa Rica: INEC, 2015 |o 18415 |t VI Censo Nacional Agropecuario/ | |



